Surah Yasin : kajian perbandingan antara qiraat Nafi' dan qiraat 'Asim riwayat Hafs /
Saved in:
| Main Author: | |
|---|---|
| Format: | Thesis Book |
| Language: | Malay |
| Subjects: | |
| Online Access: | http://studentsrepo.um.edu.my/11504/ |
| Tags: |
Add Tag
No Tags, Be the first to tag this record!
|
| LEADER | 01796nam a2200409 a 4500 | ||
|---|---|---|---|
| 001 | u576751 | ||
| 003 | SIRSI | ||
| 005 | 19921103110627.6 | ||
| 008 | 911121s2010 my t 000 0 may m | ||
| 035 | |a ABV-0928 | ||
| 040 | |a UMA |d UMM |d AUM |e rda | ||
| 090 | |a BP42 |b A2 UM 2010 Murah | ||
| 094 | |a BP42 |b A2 UM 2010 Murah | ||
| 100 | 0 | |a Murshidi Abd Hamid |e author. | |
| 245 | 1 | 0 | |a Surah Yasin : |b kajian perbandingan antara qiraat Nafi' dan qiraat 'Asim riwayat Hafs / |c Murshidi bin Abd Hamid. |
| 264 | 1 | |c 2010. | |
| 264 | 4 | |c 2010. | |
| 300 | |a xi, [110 leaves] : |b illustrations ; |c 30 cm. | ||
| 336 | |a text |2 rdacontent | ||
| 337 | |a unmediated |2 rdamedia | ||
| 338 | |a volume |2 rdacarrier | ||
| 502 | |a Dissertation (M.Usuluddin) -- Jabatan Al-Quran dan Al-Hadith, Akademi Pengajian Islam, Universiti Malaya, 2010. | ||
| 504 | |a Bibliography: leaves [106-110]. | ||
| 600 | 1 | 0 | |a Qari, Nafi` ibn `Abd al-Rahman, |d d. 785 or 6. |
| 600 | 1 | 0 | |a `Asim ibn Abi al-Nujud, |d d. 745. |
| 600 | 1 | 0 | |a Hafs ibn Sulayman, |d ca. 709-796 or 7. |
| 630 | 0 | 0 | |a al-Qur'an. |p Surat Yasin. |
| 630 | 0 | 0 | |a al-Qur'an |x Readings. |
| 630 | 0 | 0 | |a al-Qur'an |x Recitation. |
| 710 | 2 | |a Universiti Malaya. |b Jabatan Al-Quran dan Al-Hadith. | |
| 856 | 4 | 1 | |u http://studentsrepo.um.edu.my/11504/ |
| 900 | |a JAR | ||
| 596 | |a 1 12 18 25 | ||
| 999 | |a BP42 A2 UM 2010 MURAH |w LC |c 1 |i A513479473 |d 26/12/2018 |e 26/12/2018 |f 2/9/2010 |g 1 |l RESERVES |m P12ISLAMKL |n 27 |q 2 |r Y |s Y |t TESIS |u 2/9/2010 | ||
| 999 | |a BP42 A2 UM 2010 MURAH |w LC |c 1 |i A512992364 |l RESERVES |m P18ISLPURI |r Y |s Y |t TESIS |u 7/3/2011 | ||
| 999 | |a BP42 A2 UM 2010 MURAH |w LC |c 1 |i A514475040 |d 12/1/2020 |e 9/1/2020 |f 28/3/2011 |g 1 |l STACKS |m P01UTAMA |n 24 |r Y |s Y |t TESIS |u 25/3/2011 | ||
| 999 | |a BP42 A2 UM 2010 MURAH |w LC |c 1 |i A517296541 |f 22/7/2020 |g 1 |l STACKS |m P25UMARCHI |r N |s Y |t CD |u 22/7/2020 |1 AHSS | ||
